California County Trivia - Los Angeles - Statistics

General Stats
  • This quiz has been taken 50 times
  • The average score is 13 of 20
Answer Stats
Hint Answer % Correct
Lakers
91%
County Seat Los Angeles
91%
Rams
87%
Baseball Team based in the above Dodgers
85%
Orange
80%
Has the largest ______ of any other County Population
80%
UC Campus UCLA
80%
Second Largest City Long Beach
78%
San Bernardino
76%
The Football Teams Chargers
74%
And the Basketball Teams Clippers
70%
Ventura
63%
One of California's 27 original Counties
61%
Bordering Counties Kern
54%
What makes up its Southern Border Pacific Ocean
41%
Third Largest City Santa Clarita
39%
Mountain Range in the Eastern part of the County San Gabriel
35%
Santa Catalina
33%
Two Islands San Clemente
24%
Tallest Mountain Mount San Antonio
20%
No matching quizzes found
Score Distribution
Percent of People with Each Score
Percentile by Number Answered
Your Score History
You have not taken this quiz